00392nam a2200157Ia 45000010006000000050017000060080041000230410008000640820026000721100042000982450040001402600009001803000029001896500008002186540008002261293820260306163017.0260306t2014||||xx |||||||||||||| ||spa|| aESP aRD 463bR31 2014 T. 1 aReal Academia de la Lengua Española 0aDiccionario de la lengua española c2014 a1147 páginas :c22 cm. aGEN aCHU